| 000 | 00410 a2200133 4500 | ||
|---|---|---|---|
| 001 | 88586 | ||
| 082 | _aPR 719 | ||
| 090 |
_c41932 _d41932 |
||
| 100 | _aIsmail Mostafaie | ||
| 245 | _aComputation of RD9B and atar9c thrust at various speeds and attitudes knowing static test data of the engine | ||
| 260 |
_aKarachi _bUniversity of Karachi _c1977 |
||
| 300 |
_a50p. _eZaidi, S.K.N |
||
| 500 | _aBE Project Reports | ||
| 942 |
_aCAE NUST _kPR 719 |
||
| 999 |
_c323659 _d323659 |
||